| 000 | 00804nam a2200193Ia 4500 | ||
|---|---|---|---|
| 999 |
_c58865 _d58865 |
||
| 003 | GCL | ||
| 005 | 20240530110135.0 | ||
| 008 | 140319s1990 le 000 0 ara d | ||
| 040 |
_aGCL / _cGCL |
||
| 082 | 0 | 4 |
_a135.3/ _bس ت |
| 100 | 1 | _aابن سيرين : ابو بكر محمد بن سيرين البصرى الانصارى | |
| 245 | 1 | 0 |
_aتفسير احلام التفاؤل / _cابو بكر محمد بن سيرين البصرى الانصارى ابن سيرين ؛ جمع واعداد عبدالحفيظ بيضون |
| 260 |
_aبيروت : _bدار الكتب العلمية للنشر والتوزيع ، _c1990 |
||
| 300 |
_a428 ص ؛ _c24 سم |
||
| 650 | 0 | 4 | _aالاحلام |
| 650 | 0 | 4 | _aالاحلام - تفسير |
| 700 | 0 |
_aعبدالحفيظ بيضون _eمعد |
|
| 942 |
_2ddc _cBK |
||